Skład Realu Madryt na sezon 2024/25 - Statystyki

Ogólne statystyki
  • Ten quiz został rozwiązany 165 razy
  • Średni wynik to 19 z 23
Statystyki odpowiedzi
numer zawodnika Nazwisko zawodnika % Poprawnych
13(BR) Andriy Lunin
96%
9(N) Kylian Mbappe
96%
11(PS) Rodrygo
96%
1(BR) Thibaut Courtois
95%
7(LS) Vinicius Junior
95%
22(ŚO) Antonio Rüdiger
94%
10(ŚP) Luka Modric
93%
4(ŚO) David Alaba
91%
23(LO) Ferland Mendy
91%
2(PO) Daniel Carvajal
89%
3(ŚO) Éder Militão
88%
5(ŚPO) Jude Bellingham
88%
8(ŚP) Federico Valverde
87%
6(ŚP) Eduardo Camavinga
86%
14(ŚPD) Aurélien Tchouameni
81%
21(ŚPO) Brahim Díaz
75%
15(PS) Arda Güler
73%
16(N) Endrick
72%
20(LO) Fran Garcia
72%
17(PO) Lucas Vázquez
72%
19(ŚP) Dani Ceballos
59%
18(ŚO) Jesús Vallejo
54%
32(ŚPO) Nico Paz
41%
Nie znaleziono quizów pasujących do podanych kryteriów
Rozkład punktacji
Procent ludzi z każdym wynikiem
Percentyl według liczby udzielonych odpowiedzi
Twoja historia wyników
Nie rozwiązałeś tego quizu